Comrade loves of the samurai

In old Japan, sexual love among the samurai was permissible, and often matured into lifelong companionships. Comrade Loves of the Samurai touches the subject of both normal and abnormal love with honesty and tenderness.

Bewaard in:
Bibliografische gegevens
Hoofdauteur: Ihara, Saikaku
Formaat: Boek
Taal:Undetermined
Gepubliceerd in: Rutland, Vt., Tuttle 1972
Onderwerpen:
Tags: Voeg label toe
Geen labels, Wees de eerste die dit record labelt!
Thư viện lưu trữ: Trung tâm Học liệu Trường Đại học Cần Thơ
LEADER 00862nam a2200205Ia 4500
001 CTU_113474
008 210402s9999 xx 000 0 und d
082 |a 895.633 
082 |b I.25 
100 |a Ihara, Saikaku 
245 0 |a Comrade loves of the samurai 
245 0 |c Saikaku Ihara; and Songs of the geishas. English versions ... by E. Powys Mathers. With an introd. to the new ed. by Terence Barrow. 
260 |a Rutland, Vt., 
260 |b Tuttle 
260 |c 1972 
520 |a In old Japan, sexual love among the samurai was permissible, and often matured into lifelong companionships. Comrade Loves of the Samurai touches the subject of both normal and abnormal love with honesty and tenderness. 
650 |a Japanese poetry 
650 |x Translations into english 
904 |i M.Loan 
980 |a Trung tâm Học liệu Trường Đại học Cần Thơ